| 000 | 00438nam a22001811a 4500 | ||
|---|---|---|---|
| 020 | _a9788126717958 | ||
| 082 |
_aH3(FTr.) _bPER/Z |
||
| 100 | _aPerl S Buck | ||
| 245 |
_aZanani dyodhi/ _cby Perl S Buck |
||
| 260 |
_aNew Delhi: _bRajkamal, _c2009. |
||
| 300 | _a308p. | ||
| 650 | _aNovel Translation English | ||
| 650 | _aNovel Hindi | ||
| 650 | _aLiterature Hindi | ||
| 650 | _aLiterature | ||
| 700 | _aYashpal (tr.) | ||
| 942 | _cBK | ||
| 999 |
_c51900 _d51900 |
||